00401pab a2200145 454500008004000000100001900040245005700059260000900116300001400125362001200139650003000151650001400181700001700195773004300212180718b2011 xxu||||| |||| 00| 0 eng d aPandey, Arvind aMortality, morbidity and burden of diseases in Bihar c2011 ap.74-103. aJul-Dec aMortality - India - Bihar aMortality aSanjay Kumar aJournal of Social and Economic Studies